Commentary on the Indian trusts act : (Record no. 38964)

MARC details
000 -LEADER
fixed length control field 00930nam a22002297a 4500
005 - DATE AND TIME OF LATEST TRANSACTION
control field 20100803140425.0
010 ## - LCCN (DPL NO)
LC control number ENG-97964
020 ## - INTERNATIONAL STANDARD BOOK NUMBER
International Standard Book Number 9788175348240
Terms of availability 995.00
035 ## - SYSTEM CONTROL NUMBER
System control number EN-81497
037 ## - SOURCE OF ACQUISITION
Source of stock number/acquisition DBAD/PUB
082 ## - DEWEY DECIMAL CLASSIFICATION NUMBER
Classification number 346.5405
100 ## - MAIN ENTRY--PERSONAL NAME
Personal name Aiyar, S. Krishnamurthi
245 ## - TITLE STATEMENT
Title Commentary on the Indian trusts act :
Remainder of title including model trust deeds and forms /
Statement of responsibility, etc by S. Krishnamurthi Aiyar ; revised by S. K.Sarvaria
250 ## - EDITION STATEMENT
Edition statement 6th rev. ed
260 ## - PUBLICATION, DISTRIBUTION, ETC. (IMPRINT)
Place of publication, distribution, etc Delhi
Name of publisher, distributor, etc Universal Law Publishing
Date of publication, distribution, etc 2010
270 ## - ADDRESS
Address C-FF-1A, Dilkhush Industrial Estate, (Near Azadpur Metro Station) G.T. Karnal Road
City Delhi
Postal code 110033
300 ## - PHYSICAL DESCRIPTION
Extent cxviii,934p.
Dimensions 25cm (Hb)
500 ## - GENERAL NOTE
General note Includes index
700 ## - ADDED ENTRY--PERSONAL NAME
Personal name Sarvaria, S. K.
9 (RLIN) 5504
942 ## - ADDED ENTRY ELEMENTS (KOHA)
Source of classification or shelving scheme Dewey Decimal Classification
Item type English Books
Classification part 346.5405
Call number suffix AIY
Holdings
Withdrawn status Lost status Not for loan Collection code Home library Current library Date acquired Source of acquisition Cost, normal purchase price Full call number Barcode Copy number Cost, replacement price Koha item type
    Not For Loan Non-fiction D.B.Act.Division D.B.Act.Division 03/08/2010 DBAD/PUB 995.00 346.5405 AIY EN-81497 1 995.00 English Books

© Delhi Public Library
Hit Counter
free hit counter